000 00941nam a2200349 a 4500
003 AR-BaBNM
005 20251128203000.0
008 082120s2002 ||||||||||||||000 | spa||
020 _a84-7100-510-7
040 _cAR-BaBNM
100 1 _aPuyo, Fabio
245 0 0 _aBogotá
250 _a1ª ed.
260 _aMadrid
_bMapfre
_c1992
300 _a339 P.
_btablas, il.,láms., mapas
490 0 _aCiudades de Iberoamérica
_vv. 9
500 _aApéndices para consultar p. 301-328.
650 4 _aDEMOGRAFIA HISTORICA
650 4 _aCIUDADES
650 4 _aDESARROLLO URBANO
650 4 _aHISTORIA SOCIAL
650 4 _aHISTORIA DE LAS COSTUMBRES
650 4 _aPERIODO HISPANICO
650 4 _aPERIODO INDEPENDIENTE
650 4 _aURBANIZACION
651 4 _aColombia
651 4 _aAmérica Latina
800 1 _aGallego, José Andrés
_ecoordinador
800 1 _aLucena, Manuel
_edirector
942 _cBK
998 _cmariana
999 _c1362
_d1362